| 000 | 00367 a2200133 4500 | ||
|---|---|---|---|
| 245 |
_aCitizen of Africa _b : conversations with Morgan Tsvangirai _hprint |
||
| 020 | _a1933146222 | ||
| 700 | _aChan, Stephen | ||
| 650 | _aHistory | ||
| 005 | 20191017172710.0 | ||
| 260 |
_amdu _bAcademica Press _cc2006 |
||
| 084 | _aJQ2925 .C43 2006 | ||
| 300 |
_ap. cm. _bp. cm. _cp. cm. |
||
| 500 | _aStephen Chan. | ||
| 999 |
_c9246 _d9246 |
||